000 00245nam a2200109Ia 4500
008 240625s9999 xx 000 0 und d
041 _aeng
082 _a650.144 SAN
100 _aSANDBERG ANNE
245 _aINTERVIEW FOR SUCCESS
260 _c2010
999 _c34842
_d34842